Soil Erosion in the Punjab / (Record no. 14192)
[ view plain ]
| 000 -LEADER | |
|---|---|
| fixed length control field | 00978cam a2200289 i 4500 |
| 001 - CONTROL NUMBER | |
| control field | 14192 |
| 003 - CONTROL NUMBER IDENTIFIER | |
| rucl marc code | BD-RjUL |
| 005 - DATE AND TIME OF LATEST TRANSACTION | |
| control field | 20211208235603.0 |
| 008 - FIXED-LENGTH DATA ELEMENTS--GENERAL INFORMATION | |
| fixed length control field | 140205s1955 pk b 000 0 eng d |
| 035 ## - SYSTEM CONTROL NUMBER | |
| System control number | (BD-RjUL)14244 |
| 040 ## - CATALOGING SOURCE | |
| Original cataloging agency | DLC |
| Transcribing agency | DLC |
| Modifying agency | DLC |
| -- | BD-RjUL |
| Language of cataloging | eng |
| 041 ## - LANGUAGE CODE | |
| Language code of text/sound track or separate title | eng |
| 082 00 - DEWEY DECIMAL CLASSIFICATION NUMBER | |
| Classification number | 631.450954914 |
| Author mark and year | ANS 1955 |
| 100 1# - MAIN ENTRY--PERSONAL NAME | |
| Personal name | Anwar, Abdul Aziz. |
| 9 (RLIN) | 44322 |
| 245 10 - TITLE STATEMENT | |
| Title | Soil Erosion in the Punjab / |
| Statement of responsibility, etc. | surveyed by Abdul Aziz Anwar. |
| 260 ## - PUBLICATION, DISTRIBUTION, ETC. (IMPRINT) | |
| Place of publication, distribution, etc. | Punjab. : |
| Name of publisher, distributor, etc. | The Board of Ecinimy Inquiry, |
| Date of publication, distribution, etc. | 1955. |
| 300 ## - PHYSICAL DESCRIPTION | |
| Pagination | iv, 91 p. ; |
| Size | 25 cm. |
| 490 1# - SERIES STATEMENT | |
| Series statement | Board of Economic Inquiry, Punjab. Publication ; |
| Volume/sequential designation | no. 111 |
| 504 ## - BIBLIOGRAPHY, ETC. NOTE | |
| Bibliography, etc | Bibliography: p. [89] |
| 650 #0 - SUBJECT ADDED ENTRY--TOPICAL TERM | |
| Topical term or geographic name as entry element | Soil erosion |
| Geographic subdivision | Pakistan |
| -- | Punjab (Province) |
| 9 (RLIN) | 44323 |
| Topical term or geographic name as entry element | Soil conservation |
| Geographic subdivision | Pakistan |
| -- | Punjab (Province) |
| 9 (RLIN) | 44324 |
| 830 #0 - SERIES ADDED ENTRY--UNIFORM TITLE | |
| Volume number/sequential designation | no. 111. |
| Uniform title | Publication (Board of Economic Inquiry, West Pakistan, Lahore) ; |
| 942 ## - ADDED ENTRY ELEMENTS (KOHA) | |
| Source of classification or shelving scheme | Dewey Decimal Classification |
| Koha item type | Books |
| Lost status | Source of classification or shelving scheme | Damaged status | Not for loan | Collection code | Permanent Location | Current Location | Shelving location | Date acquired | Source of acquisition | Total Checkouts | Full call number | Date last seen | Copy number | Koha item type |
|---|---|---|---|---|---|---|---|---|---|---|---|---|---|---|
| Dewey Decimal Classification | Not For Loan | Non-fiction | Central Library, University of Rajshahi | Central Library, University of Rajshahi | Reading Room | 10/04/1956 | Gift | 631.450954914 ANS 1955 | 05/02/2014 | C-1 | Books |